Kinaaldá : (Record no. 9069)

MARC details
000 -LEADER
fixed length control field 01742pam a2200421 a 4500
001 - CONTROL NUMBER
control field 9069
003 - CONTROL NUMBER IDENTIFIER
control field FISKH
005 - DATE AND TIME OF LATEST TRANSACTION
control field 20251118152103.0
008 - FIXED-LENGTH DATA ELEMENTS--GENERAL INFORMATION
fixed length control field 921007s1993 mnua j b 000 0beng
010 ## - LIBRARY OF CONGRESS CONTROL NUMBER
LC control number 92035204
020 ## - INTERNATIONAL STANDARD BOOK NUMBER
International Standard Book Number 0822526557 (lib. bdg.) :
020 ## - INTERNATIONAL STANDARD BOOK NUMBER
International Standard Book Number 9780822596417
020 ## - INTERNATIONAL STANDARD BOOK NUMBER
International Standard Book Number 0822596415
Qualifying information pbk.
020 ## - INTERNATIONAL STANDARD BOOK NUMBER
International Standard Book Number 9780822526551
020 ## - INTERNATIONAL STANDARD BOOK NUMBER
International Standard Book Number 9780822596417
Qualifying information (pbk.)
040 ## - CATALOGING SOURCE
Original cataloging agency DLC
Transcribing agency DLC
Modifying agency DLC
Language of cataloging eng
050 00 - LIBRARY OF CONGRESS CALL NUMBER
Classification number E99.N3
Item number R597 1993
082 00 - DEWEY DECIMAL CLASSIFICATION NUMBER
Classification number 392/.14
Edition number 20
100 1# - MAIN ENTRY--PERSONAL NAME
Personal name Roessel, Monty.
245 10 - TITLE STATEMENT
Title Kinaaldá :
Remainder of title a Navajo girl grows up /
Statement of responsibility, etc. text and photographs by Monty Roessel ; with a foreword by Michael Dorris.
260 ## - PUBLICATION, DISTRIBUTION, ETC.
Place of publication, distribution, etc. Minneapolis :
Name of publisher, distributor, etc. Lerner Publications,
Date of publication, distribution, etc. 1993.
300 ## - PHYSICAL DESCRIPTION
Extent 47 pages :
Other physical details color illustrations ;
Dimensions 21 x 24 cm
504 ## - BIBLIOGRAPHY, ETC. NOTE
Bibliography, etc. note Includes bibliographical references (p. 47).
520 ## - SUMMARY, ETC.
Summary, etc. Celinda McKelvey, a Navajo girl, participates in the Kinaalda, the traditional coming-of-age ceremony of her people.
600 10 - SUBJECT ADDED ENTRY--PERSONAL NAME
Personal name McKelvey, Celinda
Form subdivision Juvenile literature.
650 #0 - SUBJECT ADDED ENTRY--TOPICAL TERM
Topical term or geographic name entry element Navajo Indians
Form subdivision Biography
-- Juvenile literature.
650 #0 - SUBJECT ADDED ENTRY--TOPICAL TERM
Topical term or geographic name entry element Navajo Indians
General subdivision Rites and ceremonies
Form subdivision Juvenile literature.
650 #0 - SUBJECT ADDED ENTRY--TOPICAL TERM
Topical term or geographic name entry element Kinaaldá (Navajo rite)
Form subdivision Juvenile literature.
650 #0 - SUBJECT ADDED ENTRY--TOPICAL TERM
Topical term or geographic name entry element Puberty rites
Geographic subdivision New Mexico
-- Bloomfield
Form subdivision Juvenile literature.
650 #1 - SUBJECT ADDED ENTRY--TOPICAL TERM
Topical term or geographic name entry element Kinaaldá (Navajo rite)
650 #1 - SUBJECT ADDED ENTRY--TOPICAL TERM
Topical term or geographic name entry element Navajo Indians
General subdivision Rites and ceremonies.
650 #1 - SUBJECT ADDED ENTRY--TOPICAL TERM
Topical term or geographic name entry element Indians of North America
Geographic subdivision Southwest, New
General subdivision Rites and ceremonies.
655 #7 - INDEX TERM--GENRE/FORM
Genre/form data or focus term Literature.
Source of term lcgft
Authority record control number or standard number https://id.loc.gov/authorities/genreForms/gf2014026415
655 #7 - INDEX TERM--GENRE/FORM
Genre/form data or focus term Biographies.
Source of term lcgft
Authority record control number or standard number https://id.loc.gov/authorities/genreForms/gf2014026049
906 ## - LOCAL DATA ELEMENT F, LDF (RLIN)
a 7
b cbc
c orignew
d 1
e ocip
f 19
g y-gencatlg
942 ## - ADDED ENTRY ELEMENTS (KOHA)
Source of classification or shelving scheme Dewey Decimal Classification
Koha item type Books
Suppress in OPAC No
Holdings
Withdrawn status Lost status Source of classification or shelving scheme Damaged status Not for loan Collection Home library Current library Shelving location Date acquired Total Checkouts Full call number Barcode Date last seen Copy number Price effective from Koha item type
    Dewey Decimal Classification     Non-Fiction Footprints International School Library Network Toul Tom Poung Campus Footprints International School Library Network Toul Tom Poung Campus TTP Secondary Non-Fiction Bookshelves 11/18/2025   ROE 392.14 E99.N3 R597 FISTK02242 11/18/2025 1 11/18/2025 Books